书目信息 |
| 题名: |
教育评价学
|
|
| 作者: | 陈玉琨 著 | |
| 分册: | ||
| 出版信息: | 北京 人民教育出版社 1999 |
|
| 页数: | 23,263页 | |
| 开本: | 21cm | |
| 丛书名: | 教育科学分支学科丛书 | |
| 单 册: | ||
| 中图分类: | G40-058.1 , G40 | |
| 科图分类: | ||
| 主题词: | 教育评估 | |
| 电子资源: | ||
| ISBN: | 7-107-12430-7 | |
| 000 | 00909oam2 2200265 450 | |
| 001 | 1568762142 | |
| 005 | 20150204190619.00 | |
| 010 | @a7-107-12430-7@dCNY19.30 | |
| 100 | @a20000629d1999 em y0chiy0110 ea | |
| 101 | 0 | @achi |
| 102 | @aCN@b110000 | |
| 105 | @ay z 000yy | |
| 200 | 1 | @a教育评价学@9jiao yu ping jia xue@f陈玉琨著 |
| 210 | @a北京@c人民教育出版社@d1999 | |
| 215 | @a23,263页@d21cm | |
| 225 | 2 | @a教育科学分支学科丛书 |
| 300 | @a教育部“九五”规划重点图书 人民教育出版社资助出版 | |
| 330 | @a本书从教育价值与教育评价、教育评价的步骤及其技术和方法、学生评价的原理与原则、学生评价的方法、教师评价的原理等方面介绍教育评价学理论发展的新进展,教育评价学各领域中的新研究成果。 | |
| 461 | 0 | @12001 @a教育科学分支学科丛书 |
| 606 | 0 | @a教育评估 |
| 690 | @aG40-058.1@v5 | |
| 690 | @aG40@v4 | |
| 701 | 0 | @a陈玉琨@9chen yu kun@4著 |
| 801 | 0 | @aCN@bTSSF@c20150204 |
| 905 | @aZUCC@dG40@eJY138 | |
| 教育评价学/陈玉琨著.-北京:人民教育出版社,1999 |
| 23,263页;21cm.-(教育科学分支学科丛书) |
| 教育部“九五”规划重点图书 人民教育出版社资助出版 |
| ISBN 7-107-12430-7:CNY19.30 |
| 本书从教育价值与教育评价、教育评价的步骤及其技术和方法、学生评价的原理与原则、学生评价的方法、教师评价的原理等方面介绍教育评价学理论发展的新进展,教育评价学各领域中的新研究成果。 |
| ● |
| 相关链接 |
|
|
|
|
正题名:教育评价学
索取号:G40/JY138
 
预约/预借
| 序号 | 登录号 | 条形码 | 馆藏地/架位号 | 状态 | 备注 |
| 1 | 7865524 | 278655242 | 学院路分馆/ [索取号:G40/JY138] | 在馆 | |
| 2 | 7865688 | 278656884 | 学院路分馆/ [索取号:G40/JY138] | 在馆 |